[Event "April TNT"]
[Site "Winnipeg CAN"]
[Date "2010.04.06"]
[Round "1"]
[White "Kaptsan, Aron"]
[Black "Milward, David"]
[Result "0-1"]
[WhiteElo "2063"]
[BlackElo "1647"]
[PlyCount "50"]
[EventDate "2010.04.06"]
[EventType "swiss"]
[EventRounds "4"]
[EventCountry "CAN"]

1. d4 Nf6 2. Nf3 g6 3. Nbd2 Bg7 4. e4 d6 5. h3 O-O 6. e5 dxe5 7. dxe5 Nd5 8.
Bc4 c6 9. O-O e6 10. Qe2 Nd7 11. Re1 Qc7 12. Bb3 Nc5 13. Nf1 Nxb3 14. axb3 Bd7
15. Bd2 c5 16. c4 Nb4 17. Bc3 Bc6 18. N3h2 h5 19. g4 Qe7 20. Rad1 Qh4 21. Bxb4
cxb4 22. Qe3 Rfd8 23. f4 Bf8 24. Rd3 Rxd3 25. Qxd3 Qxe1 0-1

[Event "April TNT"]
[Site "Winnipeg CAN"]
[Date "2010.04.06"]
[Round "1"]
[White "Lipic, Stephen"]
[Black "Kumaragamage, Shashika"]
[Result "1/2-1/2"]
[WhiteElo "1842"]
[BlackElo "1386"]
[PlyCount "130"]
[EventDate "2010.04.06"]
[EventType "swiss"]
[EventRounds "4"]
[EventCountry "CAN"]

1. e4 e5 2. Nf3 Nc6 3. d4 Nf6 4. Nc3 Bb4 5. d5 Bxc3+ 6. bxc3 Ne7 7. Bd3 d6 8.
O-O Bd7 9. Rb1 Rb8 10. h3 b5 11. Kh2 c5 12. dxc6 Bxc6 13. Nd2 a6 14. Qe2 O-O
15. f4 Qa5 16. fxe5 dxe5 17. a3 Qxc3 18. Qf2 Qd4 19. Qh4 Ng6 20. Qg5 Nxe4 21.
Nxe4 Bxe4 22. Bb2 Qd5 23. Bxe4 Qxe4 24. Rbe1 Qxc2 25. Bxe5 f6 26. Bxf6 Rxf6 27.
Rxf6 gxf6 28. Qxf6 Qc7+ 29. Kh1 a5 30. Rf1 Rf8 31. Qe6+ Kg7 32. Rd1 Rf7 33. Qe8
Qc4 34. Kg1 Qc5+ 35. Kh1 Qxa3 36. Qxb5 Qb4 37. Qa6 a4 38. Ra1 Rf4 39. Qa7+ Kh6
40. Qe3 Qb3 41. Qc1 Kg5 42. Ra3 Qc4 43. Qd2 Kf5 44. Qd7+ Kg5 45. Qxh7 Rf1+ 46.
Kh2 Qf4+ 47. Rg3+ Kf5 48. Qxg6+ Ke5 49. Qg7+ Kd6 50. Qg6+ Kc5 51. Qc2+ Kb5 52.
Qb2+ Ka5 53. Qc3+ Kb5 54. Qb2+ Ka5 55. Qa3 Kb5 56. Qd3+ Ka5 57. Qd5+ Kb4 58.
Qb7+ Ka5 59. Qa7+ Kb5 60. Qd7+ Ka5 61. Qb7 Rh1+ 62. Kxh1 Qxg3 63. Qa7+ Kb4 64.
Qd4+ Kb3 65. Qd1+ Kb4 1/2-1/2

[Event "April TNT"]
[Site "Winnipeg CAN"]
[Date "2010.04.06"]
[Round "1"]
[White "Milord, Frank"]
[Black "Dawa, Arvin"]
[Result "0-1"]
[WhiteElo "1667"]
[BlackElo "2106"]
[PlyCount "69"]
[EventDate "2010.04.06"]
[EventType "swiss"]
[EventRounds "4"]
[EventCountry "CAN"]

1. e4 c5 2. Nf3 d6 3. d4 cxd4 4. Nxd4 Nf6 5. Nc3 g6 6. Be3 Bg7 7. f3 O-O 8. Qd2
Nc6 9. O-O-O a6 10. Kb1 Qc7 11. h4 h5 12. Nb3 b5 13. a3 Be6 14. Nd5 Bxd5 15.
exd5 Ne5 16. Na5 Rfc8 17. Nc6 Nxd5 18. Qxd5 Qxc6 19. Qxc6 Rxc6 20. Bd4 Nc4 21.
Bxg7 Kxg7 22. Rd3 Rac8 23. c3 Rc5 24. f4 R5c6 25. Be2 e6 26. Bf3 d5 27. Rf1 Nd6
28. g4 hxg4 29. Bxg4 Rh8 30. Rh1 Rc4 31. Rd4 Rxd4 32. cxd4 Kf6 33. Kc2 Nf5 34.
Kd3 Rxh4 35. Kc3 0-1

[Event "April TNT"]
[Site "Winnipeg CAN"]
[Date "2010.04.13"]
[Round "2"]
[White "Evans, Brian"]
[Black "Milord, Frank"]
[Result "1-0"]
[WhiteElo "1556"]
[BlackElo "1667"]
[PlyCount "55"]
[EventDate "2010.04.06"]
[EventType "swiss"]
[EventRounds "4"]
[EventCountry "CAN"]

1. e4 d6 2. d4 Nf6 3. Nc3 g6 4. Be2 Bg7 5. Be3 O-O 6. Qd2 c6 7. h3 b5 8. a3 a5
9. e5 dxe5 10. dxe5 Qxd2+ 11. Bxd2 Nfd7 12. f4 Nb6 13. Be3 N8d7 14. Bf3 Nc4 15.
Bc1 Ra6 16. Nge2 a4 17. O-O Ndxe5 18. fxe5 Bxe5 19. Rd1 Bf5 20. Be4 Be6 21. Rb1
f5 22. Bf3 Bf6 23. Nd4 Bd7 24. Ndxb5 cxb5 25. Rxd7 Nxa3 26. bxa3 Bxc3 27. Bd5+
e6 28. Bb7 1-0

[Event "April TNT"]
[Site "Winnipeg CAN"]
[Date "2010.04.13"]
[Round "2"]
[White "Green, Jim"]
[Black "Crawford, Gary"]
[Result "1/2-1/2"]
[WhiteElo "1768"]
[BlackElo "1422"]
[PlyCount "94"]
[EventDate "2010.04.06"]
[EventType "swiss"]
[EventRounds "4"]
[EventCountry "CAN"]

1. e4 c5 2. Nf3 d6 3. Bb5+ Bd7 4. Bxd7+ Nxd7 5. c4 e5 6. Nc3 Ngf6 7. O-O Be7 8.
d3 h6 9. h3 O-O 10. Nh2 Nh7 11. Nd5 Bg5 12. Nf3 Bxc1 13. Qxc1 Ndf6 14. Ne3 Nh5
15. g3 Ng5 16. Nxg5 Qxg5 17. Ng2 Qxc1 18. Raxc1 f5 19. exf5 Rf7 20. g4 Nf6 21.
Rfe1 Kh7 22. f4 exf4 23. Nxf4 Rd8 24. Ne6 Rdd7 25. g5 hxg5 26. Nxg5+ Kg8 27.
Nxf7 Kxf7 28. Re3 b6 29. Rce1 Kf8 30. Kf2 Kf7 31. Kg3 Kf8 32. h4 Kf7 33. Rh1
Kf8 34. h5 Kg8 35. h6 Kh7 36. hxg7+ Kxg7 37. Kf2 Ng4+ 38. Ke2 Nxe3 39. Kxe3 d5
40. cxd5 Rxd5 41. Rh5 Kf6 42. Rh7 a5 43. Rb7 Rd6 44. Rb8 Kxf5 45. Re8 Rh6 46.
Kd2 Rd6 47. Ke3 Kf6 1/2-1/2

[Event "April TNT"]
[Site "Winnipeg CAN"]
[Date "2010.04.13"]
[Round "2"]
[White "Letain, Cory"]
[Black "Wasserman, Leor"]
[Result "0-1"]
[WhiteElo "1649"]
[BlackElo "1731"]
[PlyCount "46"]
[EventDate "2010.04.06"]
[EventType "swiss"]
[EventRounds "4"]
[EventCountry "CAN"]

1. e4 c5 2. Nf3 d6 3. d4 cxd4 4. Nxd4 Nf6 5. Nc3 g6 6. Bg5 Bg7 7. Bb5+ Bd7 8.
Bxd7+ Nbxd7 9. O-O O-O 10. f4 Qb6 11. e5 dxe5 12. fxe5 Nxe5 13. Kh1 Qxb2 14.
Qe1 Rac8 15. Bd2 Nc4 16. Rb1 Qa3 17. Rb3 Qc5 18. Nf3 Rfd8 19. Rb5 Qd6 20. Bg5
a6 21. Bxf6 Bxf6 22. Ne4 Qc6 23. Nxf6+ exf6 0-1

[Event "April TNT"]
[Site "Winnipeg CAN"]
[Date "2010.04.13"]
[Round "2"]
[White "Lipnowski, Samuel"]
[Black "Green, Aaron"]
[Result "0-1"]
[WhiteElo "2232"]
[BlackElo "1972"]
[PlyCount "105"]
[EventDate "2010.04.06"]
[EventType "swiss"]
[EventRounds "4"]
[EventCountry "CAN"]

1. e4 c5 2. Nf3 d6 3. d4 cxd4 4. Nxd4 Nf6 5. Nc3 g6 6. Be3 Bg7 7. f3 Nc6 8. Qd2
O-O 9. Bc4 Bd7 10. O-O-O Rb8 11. Kb1 b5 12. Ndxb5 Ne5 13. Be2 Qa5 14. Nd4 Qc7
15. Nb3 a5 16. a4 Rfc8 17. Bd4 Nc4 18. Bxc4 Qxc4 19. Nxa5 Qb4 20. Nb3 Bxa4 21.
Nxa4 Qxa4 22. Qa5 Qc4 23. Qc3 Qa4 24. Qd3 Rc4 25. g4 Rbc8 26. g5 Nd5 27. exd5
Bxd4 28. Nxd4 Rxd4 29. Qb3 Qxb3 30. cxb3 Rb4 31. Rd3 Rcb8 32. Kc2 Kg7 33. h4 f6
34. Re1 Kf7 35. Re4 R4b5 36. Rc4 R8b7 37. f4 f5 38. Rcd4 Rc7+ 39. Rc3 Rcb7 40.
Rdd3 Rb4 41. Rc4 R4b5 42. Rc8 Rb4 43. Rf3 R4b5 44. Rh3 Rxd5 45. h5 gxh5 46.
Rxh5 Kg6 47. Rh4 Rdb5 48. Rg8+ Kf7 49. Rh8 Rxb3 50. R8xh7+ Ke8 51. g6 Rxb2+ 52.
Kc3 Kd7 53. g7 0-1

[Event "April TNT"]
[Site "Winnipeg CAN"]
[Date "2010.04.13"]
[Round "2"]
[White "Milward, David"]
[Black "Boron, Anthony"]
[Result "0-1"]
[WhiteElo "1647"]
[BlackElo "2040"]
[PlyCount "101"]
[EventDate "2010.04.06"]
[EventType "swiss"]
[EventRounds "4"]
[EventCountry "CAN"]

1. e4 c5 2. Nf3 e6 3. d4 cxd4 4. Nxd4 Nf6 5. Nc3 Nc6 6. Ndb5 Bb4 7. Nd6+ Ke7 8.
Nxc8+ Rxc8 9. Bd3 d5 10. O-O dxe4 11. Nxe4 Nxe4 12. Bxe4 Qxd1 13. Rxd1 Rhd8 14.
Be3 Bd6 15. c3 a6 16. Rd2 Be5 17. Rad1 Rxd2 18. Rxd2 f5 19. Bg5+ Bf6 20. Bxf6+
Kxf6 21. Bxc6 Rxc6 22. Rd7 b5 23. Kf1 h6 24. Ke2 g5 25. Ke3 h5 26. f3 Rc4 27.
Rd6 Ra4 28. a3 Ke5 29. Rd2 Rh4 30. g3 Ra4 31. Kd3 h4 32. Ke3 hxg3 33. hxg3 f4+
34. Kf2 fxg3+ 35. Kxg3 Rc4 36. Kf2 Rh4 37. Ke3 Rh3 38. Rg2 Kf5 39. b3 Rh1 40.
a4 Rb1 41. b4 Rb3 42. axb5 axb5 43. Rc2 Ke5 44. Kd3 Ra3 45. Re2+ Kf5 46. Kd4
Kf4 47. Re3 Ra6 48. Kd3 Rc6 49. Ke2 e5 50. Re4+ Kf5 51. Ke3 0-1

[Event "April TNT"]
[Site "Winnipeg CAN"]
[Date "2010.04.13"]
[Round "2"]
[White "Rutter, Blair"]
[Black "Babb, Jeff"]
[Result "0-1"]
[WhiteElo "1856"]
[BlackElo "2134"]
[PlyCount "76"]
[EventDate "2010.04.06"]
[EventType "swiss"]
[EventRounds "4"]
[EventCountry "CAN"]

1. c4 g6 2. g3 Bg7 3. Bg2 d6 4. Nc3 f5 5. d3 Nf6 6. e4 c6 7. Nge2 a5 8. O-O O-O
9. Qb3 Kh8 10. Be3 e5 11. f4 Ng4 12. Bd2 Nd7 13. h3 Nc5 14. Qc2 Nf6 15. Kh2 Be6
16. Rad1 Qc7 17. Be3 b6 18. b3 fxe4 19. dxe4 Na6 20. f5 Bg8 21. fxg6 hxg6 22.
Qd2 Rad8 23. Bg5 Nc5 24. Qe3 Rf7 25. Rf2 Rdf8 26. Rdf1 Nh7 27. Rxf7 Rxf7 28.
Rxf7 Bxf7 29. Ng1 a4 30. Nf3 axb3 31. axb3 Nxb3 32. Bf1 Nd4 33. Nd2 Be6 34. g4
Qf7 35. Bd8 Bf6 36. Bxb6 Bg5 37. Qd3 Qf4+ 38. Kg2 Qxd2+ 0-1

[Event "April TNT"]
[Site "Winnipeg CAN"]
[Date "2010.04.20"]
[Round "3"]
[White "Babb, Jeff"]
[Black "Boron, Anthony"]
[Result "1-0"]
[WhiteElo "2134"]
[BlackElo "2040"]
[PlyCount "141"]
[EventDate "2010.04.06"]
[EventType "swiss"]
[EventRounds "4"]
[EventCountry "CAN"]

1. e4 c6 2. d3 d5 3. Nd2 e5 4. Ngf3 Bg4 5. Be2 Bd6 6. exd5 cxd5 7. Nxe5 Bxe2 8.
Qxe2 Qe7 9. Nef3 Qxe2+ 10. Kxe2 Nc6 11. a3 Nge7 12. Re1 O-O 13. Kf1 Nf5 14. Nb3
a5 15. Be3 Rac8 16. c3 a4 17. Nbd4 Ncxd4 18. Bxd4 Nxd4 19. Nxd4 g6 20. Nb5 Rfd8
21. Nxd6 Rxd6 22. d4 Rb6 23. Re2 Rcc6 24. Rd1 Rb5 25. Rdd2 Kg7 26. Ke1 h5 27.
h4 Kf6 28. Kd1 Re6 29. Kc2 Ke7 30. Kd3 f6 31. Re3 Rxe3+ 32. Kxe3 Ke6 33. Kf4
Rb6 34. f3 Kf7 35. Rc2 Rc6 36. g4 hxg4 37. Kxg4 Rc8 38. Re2 Rc6 39. Rh2 Rb6 40.
h5 gxh5+ 41. Kxh5 Ke6 42. Kg6 Rc6 43. Re2+ Kd7 44. Kf5 Rb6 45. f4 Rc6 46. Kg6
Rd6 47. f5 Rb6 48. Kf7 Kd8 49. Re6 Rxb2 50. Rd6+ Kc7 51. Rxd5 Rb3 52. Kxf6 Rxa3
53. Ke7 Rxc3 54. f6 Re3+ 55. Re5 Rxe5+ 56. dxe5 a3 57. f7 a2 58. f8=Q a1=Q 59.
Qd8+ Kc6 60. Qd6+ Kb5 61. e6 Qg7+ 62. Kd8 Qf6+ 63. Kd7 Qf5 64. Kd8 Qf6+ 65. Kc8
Qh8+ 66. Qd8 Qc3+ 67. Qc7 Qh8+ 68. Kd7 Qg7+ 69. e7 Qd4+ 70. Qd6 Qg4+ 71. Kd8
1-0

[Event "April TNT"]
[Site "Winnipeg CAN"]
[Date "2010.04.20"]
[Round "3"]
[White "Crawford, Gary"]
[Black "Letain, Cory"]
[Result "1-0"]
[WhiteElo "1422"]
[BlackElo "1649"]
[PlyCount "74"]
[EventDate "2010.04.06"]
[EventType "swiss"]
[EventRounds "4"]
[EventCountry "CAN"]

1. e4 e5 2. Nf3 Nf6 3. Nxe5 d6 4. Nf3 Nxe4 5. Qe2 Qe7 6. d3 Nf6 7. Bg5 Qxe2+ 8.
Bxe2 Be7 9. Nc3 Nc6 10. Nb5 Nd5 11. Bxe7 Ncxe7 12. O-O-O Bd7 13. Na3 b5 14. Nd4
a6 15. Bf3 Rb8 16. Rhe1 O-O 17. Nb1 c5 18. Nb3 Rfe8 19. a3 Be6 20. N1d2 Nf6 21.
Na5 Bg4 22. h3 Bxf3 23. Nxf3 b4 24. axb4 Rxb4 25. Nc4 Nc8 26. Rxe8+ Nxe8 27. c3
Ra4 28. Kc2 d5 29. Ne3 d4 30. cxd4 cxd4 31. Nf5 Nf6 32. N5xd4 Nd5 33. Rc1 Ncb6
34. Nb3 Nb4+ 35. Kd2 Ra2 36. Rb1 Na4 37. Nc1 Nd5 1-0

[Event "April TNT"]
[Site "Winnipeg CAN"]
[Date "2010.04.20"]
[Round "3"]
[White "Dawa, Arvin"]
[Black "Green, Aaron"]
[Result "1-0"]
[WhiteElo "2106"]
[BlackElo "1972"]
[PlyCount "91"]
[EventDate "2010.04.06"]
[EventType "swiss"]
[EventRounds "4"]
[EventCountry "CAN"]

1. d4 Nf6 2. Nf3 g6 3. c4 Bg7 4. Nc3 O-O 5. g3 d6 6. Bg2 c6 7. O-O Nbd7 8. Qc2
Rb8 9. a4 e5 10. dxe5 dxe5 11. Rd1 Qc7 12. b4 b5 13. axb5 cxb5 14. c5 a6 15. h3
Bb7 16. e4 Rbd8 17. Bg5 h6 18. Be3 Nb8 19. Nh4 Nc6 20. Qb3 Kh7 21. Nd5 Nxd5 22.
exd5 Nd4 23. Bxd4 exd4 24. d6 Qd7 25. Bxb7 Qxb7 26. Qf3 Qc8 27. Kg2 f5 28. Qd5
g5 29. Nf3 g4 30. hxg4 fxg4 31. Nxd4 Rf6 32. Ra2 Rd7 33. Re1 Rg6 34. Nf5 Qd8
35. Nxg7 Rgxg7 36. Rxa6 Rg5 37. Qe4+ Kg7 38. Qe8 Rf5 39. Qxd8 Rxd8 40. Rb6 h5
41. Rxb5 Rdf8 42. Re2 h4 43. gxh4 Rh5 44. Rb7+ Kg6 45. d7 Rhf5 46. c6 1-0

[Event "April TNT"]
[Site "Winnipeg CAN"]
[Date "2010.04.20"]
[Round "3"]
[White "Kaptsan, Aron"]
[Black "Evans, Brian"]
[Result "1-0"]
[WhiteElo "2063"]
[BlackElo "1556"]
[PlyCount "41"]
[EventDate "2010.04.06"]
[EventType "swiss"]
[EventRounds "4"]
[EventCountry "CAN"]

1. d4 d5 2. c4 e6 3. Nc3 Nf6 4. e3 Bb4 5. cxd5 exd5 6. Nf3 O-O 7. Bd3 Bg4 8. h3
Bh5 9. g4 Bg6 10. Bxg6 fxg6 11. Ne5 Ne4 12. Qb3 Bxc3+ 13. bxc3 Rxf2 14. Ba3 Rg2
15. O-O-O b6 16. Rdf1 c5 17. Rf4 Ng3 18. Re1 Ne2+ 19. Rxe2 Rxe2 20. e4 Nd7 21.
Qxd5+ 1-0

[Event "April TNT"]
[Site "Winnipeg CAN"]
[Date "2010.04.20"]
[Round "3"]
[White "Milord, Frank"]
[Black "Kumaragamage, Shashika"]
[Result "1-0"]
[WhiteElo "1667"]
[BlackElo "1386"]
[PlyCount "75"]
[EventDate "2010.04.06"]
[EventType "swiss"]
[EventRounds "4"]
[EventCountry "CAN"]

1. d4 d5 2. Nf3 Nf6 3. c4 c6 4. Nc3 e6 5. e3 Nbd7 6. Qc2 c5 7. cxd5 cxd4 8.
dxe6 dxc3 9. exd7+ Bxd7 10. Qxc3 Rc8 11. Qe5+ Be7 12. Bd2 O-O 13. Bc3 Bc6 14.
Rd1 Qe8 15. Be2 Rd8 16. O-O Rd5 17. Rxd5 Bxd5 18. Nh4 g6 19. g4 h6 20. Bd3 Bd8
21. Qd4 Qe6 22. h3 Kh7 23. f3 Rg8 24. Ng2 b6 25. h4 Be7 26. h5 Bxa2 27. hxg6+
fxg6 28. Nf4 Qd6 29. Ra1 Bd5 30. Rxa7 Rg7 31. Kg2 Qb8 32. Nxd5 Qxa7 33. Nxf6+
Bxf6 34. Qxf6 Qf7 35. Qxg7+ Qxg7 36. Bxg7 Kxg7 37. f4 Kf6 38. Kg3 1-0

[Event "April TNT"]
[Site "Winnipeg CAN"]
[Date "2010.04.20"]
[Round "3"]
[White "Milward, David"]
[Black "Lipic, Stephen"]
[Result "0-1"]
[WhiteElo "1647"]
[BlackElo "1842"]
[PlyCount "76"]
[EventDate "2010.04.06"]
[EventType "swiss"]
[EventRounds "4"]
[EventCountry "CAN"]

1. e4 c6 2. d4 d5 3. e5 Bf5 4. h4 Na6 5. g4 Be6 6. Be2 Nc7 7. Be3 g6 8. Nc3 Qd7
9. Qd2 Bxg4 10. O-O-O Bxe2 11. Ngxe2 h5 12. Na4 b6 13. Qd3 Bh6 14. Nf4 Bxf4 15.
Bxf4 Ne6 16. Be3 c5 17. Qa3 Rc8 18. dxc5 d4 19. Bg5 bxc5 20. Nc3 Nxg5 21. hxg5
Qf5 22. Nb5 Qxg5+ 23. Kb1 Qxe5 24. Qxa7 Nh6 25. Rhe1 Qf6 26. Nc7+ Kf8 27. Qxc5
Nf5 28. a4 Kg7 29. a5 e6 30. b4 Qe7 31. Qxe7 Nxe7 32. Na6 Rc4 33. Re5 Nd5 34.
Kb2 Ra8 35. b5 Ra4 36. Ra1 Rxa1 37. Kxa1 Kf6 38. Re4 Nc3 0-1

[Event "April TNT"]
[Site "Winnipeg CAN"]
[Date "2010.04.20"]
[Round "3"]
[White "Ott, Richard"]
[Black "Green, Jim"]
[Result "1/2-1/2"]
[WhiteElo "1613"]
[BlackElo "1768"]
[PlyCount "69"]
[EventDate "2010.04.06"]
[EventType "swiss"]
[EventRounds "4"]
[EventCountry "CAN"]

1. d4 d5 2. c4 c6 3. Nf3 Nf6 4. Nc3 a6 5. cxd5 cxd5 6. Bf4 e6 7. e3 Be7 8. Bd3
O-O 9. O-O Nc6 10. Rc1 Nh5 11. Be5 Nxe5 12. Nxe5 Nf6 13. Bb1 g6 14. Kh1 Bd7 15.
f3 b5 16. a3 Rc8 17. Qe2 Bc6 18. Nd1 Bb7 19. Nf2 Nd7 20. Neg4 Kg7 21. Nd3 Bd6
22. Rxc8 Qxc8 23. f4 f6 24. Qf3 Qd8 25. Qh3 Qe7 26. f5 exf5 27. Nh6 Bc8 28.
Nxf5+ gxf5 29. Rxf5 Nb6 30. Nf4 Bxf5 31. Qxf5 Rh8 32. Ne6+ Kf7 33. Qh5+ Kg8 34.
Qg4+ Kf7 35. Qh5+ 1/2-1/2

[Event "April TNT"]
[Site "Winnipeg CAN"]
[Date "2010.04.20"]
[Round "3"]
[White "Wasserman, Leor"]
[Black "Kumaragamage, Shashika"]
[Result "0-1"]
[WhiteElo "1731"]
[BlackElo "1386"]
[PlyCount "55"]
[EventDate "2010.04.06"]
[EventType "swiss"]
[EventRounds "4"]
[EventCountry "CAN"]

1. d4 Nf6 2. c4 e6 3. Nc3 Bb4 4. Nf3 O-O 5. Bg5 h6 6. Bh4 c5 7. e3 Qa5 8. Qc2
Ne4 9. Rc1 d5 10. cxd5 exd5 11. Bd3 Nc6 12. O-O cxd4 13. Nxd4 Nxd4 14. exd4
Nxc3 15. bxc3 Bd6 16. Qb3 Be6 17. Qxb7 Qxa2 18. Qa6 Qxa6 19. Bxa6 Rab8 20. Rb1
Bf5 21. Rb7 Rxb7 22. Bxb7 Bd3 23. Ra1 a6 24. Bxa6 Ra8 25. Bxd3 Rxa1+ 26. Bf1
Bxh2+ 27. Kxh2 Rxf1 28. g4 0-1

[Event "April TNT"]
[Site "Winnipeg CAN"]
[Date "2010.04.20"]
[Round "3"]
[White "Wasserman, Leor"]
[Black "Lipnowski, Samuel"]
[Result "0-1"]
[WhiteElo "1731"]
[BlackElo "2232"]
[PlyCount "28"]
[EventDate "2010.04.06"]
[EventType "swiss"]
[EventRounds "4"]
[EventCountry "CAN"]

1. e4 e5 2. Nf3 Nc6 3. Bc4 Bc5 4. Nc3 a6 5. O-O d6 6. h3 Nf6 7. d3 h6 8. Be3
O-O 9. d4 exd4 10. Nxd4 Ne5 11. Bb3 Ng6 12. Qd2 Nh4 13. Nde2 Bxh3 14. gxh3 Nf3+
0-1

[Event "April TNT"]
[Site "Winnipeg CAN"]
[Date "2010.04.27"]
[Round "4"]
[White "Boron, Anthony"]
[Black "Dawa, Arvin"]
[Result "0-1"]
[WhiteElo "2040"]
[BlackElo "2106"]
[PlyCount "60"]
[EventDate "2010.04.06"]
[EventType "swiss"]
[EventRounds "4"]
[EventCountry "CAN"]

1. d4 Nf6 2. Nf3 g6 3. Nc3 Bg7 4. e4 d6 5. Be3 Ng4 6. Bg5 h6 7. Bh4 O-O 8. h3
Nf6 9. Qd2 c6 10. O-O-O b5 11. Bxf6 exf6 12. Bd3 Re8 13. d5 b4 14. Ne2 c5 15.
Ng3 Qc7 16. Bb5 Bd7 17. Bc4 a5 18. Rde1 Qb6 19. Qf4 Na6 20. Nd2 Nc7 21. h4 h5
22. Be2 Bb5 23. Nc4 Bxc4 24. Bxc4 a4 25. Be2 b3 26. cxb3 axb3 27. a3 c4 28.
Bxh5 c3 29. Bd1 cxb2+ 30. Kxb2 Qd4+ 0-1

[Event "April TNT"]
[Site "Winnipeg CAN"]
[Date "2010.04.27"]
[Round "4"]
[White "Evans, Brian"]
[Black "Kumaragamage, Shashika"]
[Result "1-0"]
[WhiteElo "1556"]
[BlackElo "1386"]
[PlyCount "61"]
[EventDate "2010.04.06"]
[EventType "swiss"]
[EventRounds "4"]
[EventCountry "CAN"]

1. e4 e5 2. Nf3 Nc6 3. Bb5 Nf6 4. O-O Bc5 5. h3 d6 6. Bxc6+ bxc6 7. d4 exd4 8.
Nxd4 Bb7 9. Re1 O-O 10. Nb3 Bb6 11. a4 a5 12. Be3 Nxe4 13. Bxb6 cxb6 14. Rxe4
Qg5 15. Rg4 Qe5 16. Qd4 c5 17. Qxe5 dxe5 18. Na3 f5 19. Rg3 Rfd8 20. Nc4 Ba6
21. Nxe5 c4 22. Nc6 Rd7 23. Nbd4 Rc8 24. Re1 Kf7 25. Ne5+ Ke8 26. Nxd7+ Kxd7
27. Rxg7+ Kd6 28. Nxf5+ Kc5 29. c3 b5 30. Re5+ Kc6 31. Nd4+ 1-0

[Event "April TNT"]
[Site "Winnipeg CAN"]
[Date "2010.04.27"]
[Round "4"]
[White "Green, Aaron"]
[Black "Crawford, Gary"]
[Result "1-0"]
[WhiteElo "1972"]
[BlackElo "1422"]
[PlyCount "31"]
[EventDate "2010.04.06"]
[EventType "swiss"]
[EventRounds "4"]
[EventCountry "CAN"]

1. e4 c5 2. Nf3 d6 3. d4 cxd4 4. Nxd4 Nf6 5. Nc3 a6 6. a4 Nc6 7. Nb3 e6 8. Be2
Be7 9. Be3 O-O 10. f4 Qc7 11. O-O Rd8 12. a5 Rd7 13. Bf3 e5 14. f5 h6 15. Na4
Rb8 16. Bb6 1-0

[Event "April TNT"]
[Site "Winnipeg CAN"]
[Date "2010.04.27"]
[Round "4"]
[White "Green, Jim"]
[Black "Milward, David"]
[Result "1/2-1/2"]
[WhiteElo "1768"]
[BlackElo "1647"]
[PlyCount "69"]
[EventDate "2010.04.06"]
[EventType "swiss"]
[EventRounds "4"]
[EventCountry "CAN"]

1. e4 c5 2. Nf3 d6 3. Bb5+ Bd7 4. Bxd7+ Qxd7 5. O-O Nc6 6. Qe2 Nf6 7. c3 e5 8.
Rd1 Be7 9. d3 O-O 10. Nbd2 Qc7 11. Nf1 d5 12. Ng3 Rfd8 13. Bg5 h6 14. Bxf6 Bxf6
15. h3 d4 16. c4 g6 17. Nf1 Bg7 18. N1h2 a6 19. Nd2 b5 20. Nhf3 Rab8 21. g4 Rb7
22. Kg2 Rdb8 23. h4 Na5 24. b3 bxc4 25. bxc4 Rb2 26. Rdb1 Qd7 27. Ne1 Qa4 28.
Qd1 Qxd1 29. Rxd1 R8b4 30. Nef3 Ra4 31. a3 Nb3 32. Rab1 Rxb1 33. Nxb1 Na1 34.
Rd2 Nb3 35. Rb2 1/2-1/2

[Event "April TNT"]
[Site "Winnipeg CAN"]
[Date "2010.04.27"]
[Round "4"]
[White "Lipic, Stephen"]
[Black "Kaptsan, Aron"]
[Result "0-1"]
[WhiteElo "1842"]
[BlackElo "2063"]
[PlyCount "122"]
[EventDate "2010.04.06"]
[EventType "swiss"]
[EventRounds "4"]
[EventCountry "CAN"]

1. e4 c5 2. Nc3 Nc6 3. f4 d6 4. Nf3 g6 5. Bb5 Bd7 6. O-O Bg7 7. d3 e6 8. Qe1
Nge7 9. Nd1 O-O 10. c3 Rc8 11. Kh1 a6 12. Ba4 b5 13. Bc2 d5 14. Nh4 f5 15. e5
d4 16. Nf3 Nd5 17. Bb3 Nb6 18. Qf2 c4 19. Bc2 cxd3 20. Bxd3 dxc3 21. Nxc3 Nb4
22. Rd1 Nxd3 23. Rxd3 Qc7 24. Ng5 h6 25. Nf3 Rfe8 26. Be3 Nc4 27. Rad1 Bc6 28.
Nd4 b4 29. Nxc6 Qxc6 30. Nb1 Bf8 31. b3 Nxe3 32. Qxe3 Bc5 33. Qg3 Kg7 34. Nd2
Be7 35. Nc4 Red8 36. Nd6 Bxd6 37. exd6 Rxd6 38. Re1 Rcd8 39. Rde3 Rd1 40. Qh4
Rxe1+ 41. Rxe1 Rd7 42. h3 Qd6 43. Kh2 g5 44. Qh5 Qxf4+ 45. Kh1 Re7 46. Qe2 Qc7
47. Qxa6 e5 48. Qb5 Qc3 49. Qf1 e4 50. Rc1 Qe5 51. Qe2 f4 52. Rc4 f3 53. gxf3
exf3 54. Qxe5+ Rxe5 55. Kg1 Re2 56. Rxb4 Rxa2 57. h4 Kg6 58. hxg5 hxg5 59. Rd4
Kh5 60. b4 g4 61. b5 Kh4 0-1

[Event "April TNT"]
[Site "Winnipeg CAN"]
[Date "2010.04.27"]
[Round "4"]
[White "Lipnowski, Samuel"]
[Black "Babb, Jeff"]
[Result "0-1"]
[WhiteElo "2232"]
[BlackElo "2134"]
[PlyCount "82"]
[EventDate "2010.04.06"]
[EventType "swiss"]
[EventRounds "4"]
[EventCountry "CAN"]

1. d4 Nf6 2. c4 c5 3. d5 b5 4. cxb5 a6 5. bxa6 g6 6. Nc3 Bxa6 7. Nf3 Qa5 8. Bd2
Bg7 9. g3 d6 10. Bg2 O-O 11. O-O Nbd7 12. Re1 Rfb8 13. b3 Qd8 14. e4 Ng4 15.
Qc2 Nge5 16. Bf4 Nd3 17. Red1 Qa5 18. Bd2 Nb4 19. Qc1 Nd3 20. Qc2 Nb4 21. Qb1
Bd3 22. Qc1 Nc2 23. Na4 Qa6 24. Rb1 Bxe4 25. Bc3 Bxf3 26. Bxf3 Nd4 27. Qe3 Ne5
28. Bg2 Ng4 29. Qd3 Qxd3 30. Rxd3 Rxa4 31. Rb2 Ra3 32. Bh3 Ne5 33. Rd1 Nb5 34.
Bxe5 Bxe5 35. Rc2 Nd4 36. Rc4 Rxa2 37. f4 Nf3+ 38. Kf1 Nxh2+ 39. Ke1 Nf3+ 40.
Kf1 Bd4 41. Ra4 Rf2# 0-1

[Event "April TNT"]
[Site "Winnipeg CAN"]
[Date "2010.04.27"]
[Round "4"]
[White "Ott, Richard"]
[Black "Milord, Frank"]
[Result "1-0"]
[WhiteElo "1613"]
[BlackElo "1667"]
[PlyCount "57"]
[EventDate "2010.04.06"]
[EventType "swiss"]
[EventRounds "4"]
[EventCountry "CAN"]

1. d4 Nf6 2. Nf3 c6 3. c4 d5 4. Nc3 dxc4 5. e4 b5 6. Qc2 Bb7 7. Be2 e6 8. O-O
Be7 9. a4 a6 10. Bf4 O-O 11. h3 Nbd7 12. axb5 cxb5 13. d5 exd5 14. exd5 Nxd5
15. Nxd5 Bxd5 16. Rfd1 Be6 17. Nd4 Qc8 18. Bf3 Nb6 19. Bxa8 Qxa8 20. Nxe6 fxe6
21. Bd6 Nc8 22. Bxe7 Nxe7 23. Rd6 Nc6 24. Qe4 Rc8 25. Qxe6+ Kh8 26. Re1 h6 27.
Qg6 Qb7 28. Re8+ Rxe8 29. Qxe8+ 1-0

[Event "April TNT"]
[Site "Winnipeg CAN"]
[Date "2010.04.27"]
[Round "4"]
[White "Rutter, Blair"]
[Black "Wasserman, Leor"]
[Result "1-0"]
[WhiteElo "1856"]
[BlackElo "1731"]
[PlyCount "120"]
[EventDate "2010.04.06"]
[EventType "swiss"]
[EventRounds "4"]
[EventCountry "CAN"]

1. c4 e5 2. g3 d5 3. cxd5 Qxd5 4. Nf3 e4 5. Nc3 Qc6 6. e3 a6 7. Nd4 Qg6 8. Bg2
Nf6 9. Qc2 Bf5 10. Nxf5 Qxf5 11. Nxe4 Qc8 12. Nxf6+ gxf6 13. Qe4+ Be7 14. Qxb7
Qxb7 15. Bxb7 Ra7 16. Be4 Nd7 17. Bc6 Kd8 18. d4 Nb8 19. Bd5 c6 20. Bxf7 Bb4+
21. Bd2 Bxd2+ 22. Kxd2 Rxf7 23. Rhc1 h5 24. h4 Rb7 25. b3 Kc7 26. Rc4 Rd8 27.
Rac1 Rd5 28. e4 Ra5 29. R1c2 Kd6 30. Ke3 Rab5 31. f4 Rb4 32. e5+ fxe5 33. dxe5+
Ke6 34. Ke4 Rxc4+ 35. Rxc4 a5 36. Rd4 Rb4 37. f5+ Ke7 38. Rxb4 axb4 39. Kd4 Nd7
40. Ke4 Nb6 41. Kd4 Nd5 42. Kd3 Nc3 43. a4 Nd5 44. Kd4 Kf7 45. a5 Ne7 46. Ke4
Nd5 47. a6 Nc7 48. a7 c5 49. Kd3 Ke7 50. Kc4 Na8 51. Kxc5 Kd7 52. Kxb4 Kc6 53.
Kc4 Nb6+ 54. Kd4 Na8 55. Ke4 Kd7 56. Kf4 Ke7 57. Kg5 Kf7 58. Kxh5 Kg7 59. Kg5
Kf7 60. Kf4 Ke7 1-0